Statistics for Luigi’s Mansion Boss Ghosts

Click here to take the quiz!

General Stats

  • This quiz has been taken 24 times
  • The average score is 20 of 49

Answer Stats

GameArea/Building/FloorBoss Ghost% Correct
Luigi’s Mansion 3RooftopKing Boo
83%
Luigi’s MansionArea 4King Boo
83%
Luigi’s MansionArea 1Chauncey
67%
Luigi’s MansionArea 1Neville
67%
Luigi’s MansionArea 2Bogmire
58%
Luigi’s MansionArea 3Boolossus
58%
Luigi’s Mansion 3ScareScraperBoolossus
58%
Luigi’s MansionArea 4Bowser
50%
Luigi’s MansionArea 4Clockwork Soldiers
50%
Luigi’s Mansion: Dark MoonGloomy ManorGrouchy Possessor
50%
Luigi’s Mansion 315F: Master SuiteHellen Gravely
50%
Luigi’s MansionArea 4Jarvis
50%
Luigi’s MansionArea 3Biff Atlas
42%
Luigi’s Mansion 312F: The Spectral CatchCaptain Fishhook
42%
Luigi’s Mansion 3B2: BoilerworksClem
42%
Luigi’s Mansion 38F: Paranormal ProductionsDirector Morty
42%
Luigi’s Mansion: Dark MoonHaunted TowersHarsh Possessor
42%
Luigi’s MansionArea 3Madame Clairvoya
42%
Luigi’s MansionArea 2Mr. Luggs
42%
Luigi’s Mansion: Dark MoonOld ClockworksOverset Possessor
42%
Luigi’s Mansion 310F: Tomb SuitesSerpci
42%
Luigi’s MansionArea 3Slim Bankshot
42%
Luigi’s Mansion 3B1: BasementSteward
42%
Luigi’s MansionArea 4Sue Pea
42%
Luigi’s Mansion 39F: Unnatural History MuseumUg
42%
Luigi’s MansionArea 4Uncle Grimmly
42%
Luigi’s MansionArea 4Vincent Van Gore
42%
Luigi’s Mansion 34F: The Great StageAmadeus Wolfgeist
33%
Luigi’s Mansion 37F: Garden SuitesDr. Potter
33%
Luigi’s MansionArea 3Henry and Orville
33%
Luigi’s Mansion 313F: Fitness CenterJohnny Deepend
33%
Luigi’s Mansion 36F: Castle MacFrightsKing MacFrights
33%
Luigi’s MansionArea 2Melody Pianissima
33%
Luigi’s Mansion 3VariousPolterkitty
33%
Luigi’s MansionArea 2Shivers
33%
Luigi’s MansionArea 4Sir Weston
33%
Luigi’s MansionArea 2Spooky
33%
Luigi’s Mansion: Dark MoonTreacherous MansionTough Possessor
33%
Luigi’s Mansion 35F: RIP SuitesChambrea
25%
Luigi’s Mansion 38F: Paranormal ProductionsGhostzilla
25%
Luigi’s Mansion 33F: Hotel ShopsKruller
25%
Luigi’s MansionArea 1Lidya
25%
Luigi’s MansionArea 3Miss Petunia
25%
Luigi’s MansionArea 3Nana
25%
Luigi’s MansionArea 2The Floating Whirlindas
25%
Luigi’s Mansion 32F: MezzazineChef Soulfflé
17%
Luigi’s Mansion 314F: The Dance HallDJ Phantasmagloria
17%
Luigi’s Mansion 311F: Twisted SuitesNikki, Lindsey, and Ginny
17%
Luigi’s Mansion: Dark MoonSecret MineShrewd Possessor
17%

Score Distribution

Percentile by Number Answered

Percent of People with Each Score

Your Score History

You have not taken this quiz